000 00746nam a2200253Ia 4500
003 OSt
005 20221005073056.0
006 a|||||r|||| 00| 0
007 ta
008 221004b |||||||| |||| 00| 0 urd d
020 _a8181720679 (pbk)
_c150
024 _a24227
037 _b4626, 31/12/2015, Kitabi Duniya
_cTextual
040 _aCRL
_cCRL
_burd
041 _2urd
_aurd
082 _aO168,1N11w, Q4
100 _aHaider Raza Ed.
_9217209
245 0 _aMajaz
_b Hayat-o-khidmaat
260 _aNew Delhi
_bGhalib Institute India
_c2014
300 _a202p.
_ccm.
650 _aURDU POETRY
942 _hO168,1N11w, Q4
_cTEXL
_2cc
999 _c980504
_d980504